Introducción a la administración pública / Pedro Muñoz Amato
Descripción Física:
213 p. ; 23 cm
Colección:
Sección de obras de economía
MARC
| LEADER | 00000nam a2200000Ia 4500 | ||
|---|---|---|---|
| 001 | 167 | ||
| 008 | 160829s1957 xx 000 0 cat d | ||
| 080 | |a M-4-208 | ||
| 100 | |a Muñoz Amato, Pedro |9 25179 | ||
| 245 | |a Introducción a la administración pública / Pedro Muñoz Amato | ||
| 260 | |a México ; Buenos Aires : |b Fondo de Cultura Económica, |c 1957 | ||
| 300 | |a 213 p. ; |c 23 cm | ||
| 490 | |a Sección de obras de economía | ||
| 590 | |a Notes, bibliografia, referències bibliogràfiques | ||
| 650 | 0 | |a Administració pública |9 23819 | |
| 650 | |a Personal |x Administració |9 45092 | ||
| 866 | |a vbcrlfV. 2: Relaciones humanas y administración de personal | ||
| 901 | |a Arxiu | ||
| 942 | |n 1 | ||
| 952 | |0 0 |1 0 |4 0 |6 M4208 |7 1 |9 43485 |a Arxiu |b Arxiu |d 2016-12-01 |l 0 |o M-4-208 |p 167 |r 2016-12-01 00:00:00 |w 2016-12-01 |y ARXIU | ||
| 999 | |c 46031 |d 46031 | ||